| 000 | 03105cam a22006134i 4500 | ||
|---|---|---|---|
| 003 | PE-LiUPU | ||
| 005 | 20250731180143.0 | ||
| 008 | 150706s2009 pe a r 000 0 spa d | ||
| 035 | _a(Sirsi) a48979 | ||
| 040 |
_aPE-LiUPU _bspa _cPE-LiUPU _erda |
||
| 049 | _aPRUA | ||
| 082 | 0 | 4 |
_a510.07 _bF51 _221 |
| 100 | 1 |
_aFigueroa García, Ricardo, _eautor. |
|
| 245 | 1 | 0 |
_aMatemática básica 1 / _cRicardo Figueroa García. |
| 264 | 1 |
_aLima : _bEdiciones RFG, _c2009. |
|
| 300 |
_a699 páginas : _bilustraciones ; _c21 centímetros |
||
| 336 |
_atext _2rdacontent |
||
| 337 |
_aunmediated _2rdamedia |
||
| 338 |
_avolume _2rdacarrier |
||
| 505 | 0 | _aLógica -- Conjuntos -- Lógica cuantificacional -- Relaciones y funciones -- Números reales -- Relaciones y funciones en R2 -- Funciones exponenciales y logarítmicas -- inducción matemática -- Sucesiones -- Números complejos -- Polinomios -- Lista de símbolos. | |
| 526 | _aSEG44 | ||
| 526 | _aSEG26 | ||
| 526 | _aP159 | ||
| 526 | _aP155 | ||
| 526 | _aP154 | ||
| 526 | _aP153 | ||
| 526 | _aP150 | ||
| 526 | _aP100 | ||
| 526 | _aP31 | ||
| 526 | _aP30 | ||
| 526 | _aP26 | ||
| 526 | _aP25 | ||
| 526 | _aP24 | ||
| 526 | _aP22 | ||
| 526 | _aP15 | ||
| 526 | _aP10 | ||
| 650 | 0 | 4 |
_aMatemáticas. _9187 |
| 910 |
_agl _bjv _cng _d20101019 |
||
| 942 |
_2ddc _cBOOK |
||
| 949 |
_a510.07 F51 _wDEWEY _c1 _i62318 _lCCODEBUL1 _mBUL _p15.00 _r0 _sY _tLIBRO _u2015-07-06 _xBIBLIOTECA _zUNKNOWN _o.STAFF. Colección General |
||
| 949 |
_a510.07 F51 _wDEWEY _c2 _i62319 _lCCODEBUL1 _mBUL _p15.00 _r0 _sY _tLIBRO _u2015-07-06 _xBIBLIOTECA _zUNKNOWN _o.STAFF. Colección General |
||
| 949 |
_a510.07 F51 _wDEWEY _c3 _i62200 _lCCODEBUL1 _mBUL _p16.00 _r0 _sY _tLIBRO _u2015-07-06 _xBIBLIOTECA _zUNKNOWN _o.STAFF. Colección General |
||
| 949 |
_a510.07 F51 _wDEWEY _c1 _iFJ01883 _lCCODEBUJ1 _mBUJ _p20.00 _r0 _sY _tBOOK _u2016-09-06 _xBIBLIOTECA _zUNKNOWN _o.STAFF. Colección General |
||
| 994 |
_aC0 _bPEPRU |
||
| 596 | _a1 3 | ||
| 999 |
_a510.07 F51 _wDEWEY _c51275 _i62318 _d51275 _e2019-4-20 _f2021-11-5 _g6 _lCCODEBUL1 _mBUL _n18 _p15.00 _q3 _r0 _sY _tBOOK _u2015-7-6 _xBIBLIOTECA _PP20 _o.CIRCNOTE. IMPORTANTE!!!!!!! ESTE DOCUMENTO NO SE PRESTA. PRESTAR LOS OTROS 2 EJEMPLARES. _o.STAFF. Colección General |
||
| 999 |
_a510.07 F51 _wDEWEY _c2 _i62319 _d2019-8-26 _e2019-8-22 _f2019-12-10 _g4 _lDISCARD _mBUL _n41 _p15.00 _q4 _r0 _sY _tBOOK _u2015-7-6 _xSALUD _PP20 _0COMPRA _o.STAFF. Colección General |
||
| 999 |
_a510.07 F51 _wDEWEY _c3 _i62200 _d2019-3-25 _e2019-3-18 _f2021-11-5 _g7 _lCCODEBUL1 _mBUL _n42 _p16.00 _q9 _r0 _sY _tBOOK _u2015-7-6 _xBIBLIOTECA _PP20 _o.CIRCNOTE. _o.STAFF. Colección General |
||
| 999 |
_a510.07 F51 _wDEWEY _c1 _iFJ01883 _d2019-9-30 _e2019-9-27 _f2022-1-19 _g4 _lCCODEBUJ1 _mBUJ _n12 _p20.00 _q11 _r0 _sY _tBOOK _u2016-9-6 _xBIBLIOTECA _zUNKNOWN _0UNKNOWN _o.STAFF. Colección General Juliaca |
||
| 980 |
_81 _gALBERTO SANCHEZ Responsable de Automatización |
||